LEADER 00539nab a2200145 i 4500 001 000000283583 003 CaOOAMICUS 005 20180831165240.0 008 180831n xx uu u0 0und r 013 $a36729 040 $aSeMil$bita 245 10$aCatechesi :$bpassato, presente, futuro. - Titolo dalla copertina dello "Studio del mese". 500 $aDicembre 1977. 773 0 $t1977.$dBologna : EDB, 1977.$w()238478 996 $6245$aCatechesi :$bpassato, presente, futuro. - Titolo dalla copertina dello "Studio del mese"$9(OLS)http://semarc/title/364983 LEADER 00529naa a2200145 i 4500 001 000000308337 003 CaOOAMICUS 005 20180831172933.0 008 180831n it u000 u ita u 013 $a17302 040 $aSeMil$bita 100 1 $aNava, Ubaldo.$0(OLS)http://semarc/name/86264 245 13$aLa religiosità dei giovani bergamaschi. 773 0 $tQuestione giovanile.$d[S.l. : s.n.], imprim. 1978$kQuaderni di studi e memorie$gp.3-26$w()52177 996 $6245$aLa religiosità dei giovani bergamaschi$9(OLS)http://semarc/title/383604